Introduction to the Law of Torts and Consumer Protection (Record no. 1715472)

MARC details
000 -LEADER
fixed length control field 01117nam a22003377a 4500
005 - DATE AND TIME OF LATEST TRANSACTION
control field 20260316112255.0
008 - FIXED-LENGTH DATA ELEMENTS--GENERAL INFORMATION
fixed length control field 260316b |||||||| |||| 00| 0 eng d
020 ## - INTERNATIONAL STANDARD BOOK NUMBER
International Standard Book Number 9789349015593
037 ## - SOURCE OF ACQUISITION
Terms of availability TB
040 ## - CATALOGING SOURCE
Original cataloging agency LCT
Transcribing agency LCT
041 ## - LANGUAGE CODE
Language code of text/sound track or separate title eng
Language code of original eng
084 ## - COLON CLASSIFICATION NUMBER
Classification number Z2,4:(X:321) P1;R5
100 ## - MAIN ENTRY--PERSONAL NAME
Personal name Singh, Avtar
245 ## - TITLE STATEMENT
Title Introduction to the Law of Torts and Consumer Protection
250 ## - EDITION STATEMENT
Edition statement 5th ed.
260 ## - PUBLICATION, DISTRIBUTION, ETC.
Place of publication, distribution, etc. Gurgaon, India:
Name of publisher, distributor, etc. LexisNexis (Universal),
Date of publication, distribution, etc. 2025
300 ## - PHYSICAL DESCRIPTION
Extent lxxix, 477p.
365 ## - TRADE PRICE
Price amount 895
Currency code INR
650 ## - SUBJECT ADDED ENTRY--TOPICAL TERM
Topical term or geographic name entry element Law
650 ## - SUBJECT ADDED ENTRY--TOPICAL TERM
Topical term or geographic name entry element Consumer Protection
9 (RLIN) 747509
650 ## - SUBJECT ADDED ENTRY--TOPICAL TERM
Topical term or geographic name entry element Tort Law
650 ## - SUBJECT ADDED ENTRY--TOPICAL TERM
Topical term or geographic name entry element Negligence
9 (RLIN) 691523
650 ## - SUBJECT ADDED ENTRY--TOPICAL TERM
Topical term or geographic name entry element Vicarious Liability
9 (RLIN) 1132126
650 ## - SUBJECT ADDED ENTRY--TOPICAL TERM
Topical term or geographic name entry element Strict and Absolute Liability
9 (RLIN) 1132127
650 ## - SUBJECT ADDED ENTRY--TOPICAL TERM
Topical term or geographic name entry element Competition Act
9 (RLIN) 700891
650 ## - SUBJECT ADDED ENTRY--TOPICAL TERM
Topical term or geographic name entry element Consumer Rights
9 (RLIN) 735011
650 ## - SUBJECT ADDED ENTRY--TOPICAL TERM
Topical term or geographic name entry element E-commerce
9 (RLIN) 854539
700 ## - ADDED ENTRY--PERSONAL NAME
Personal name Kaur, Harpreet
942 ## - ADDED ENTRY ELEMENTS (KOHA)
Source of classification or shelving scheme Colon Classification (CC)
Koha item type Textbook
Classification part Z2,4:(X:321) P1;R5
Suppress in OPAC No
Holdings
Withdrawn status Lost status Source of classification or shelving scheme Damaged status Not for loan Collection Home library Current library Shelving location Date acquired Source of acquisition Cost, normal purchase price Inventory number Total Checkouts Full call number Barcode Date last seen Price effective from Koha item type
    Colon Classification (CC)     Non-fiction Law Centre-II Library Law Centre-II Library General Stacks 2025-12-04 Global Informatics Solutions, Delhi 895.00 215/04.12.2025   Z2,4:(X:321) P1;R5 LT0029235 2026-03-16 2026-03-16 Textbook
    Colon Classification (CC)     Non-fiction Law Centre-II Library Law Centre-II Library General Stacks 2025-12-04 Global Informatics Solutions, Delhi 895.00 215/04.12.2025   Z2,4:(X:321) P1;R5 LT0029236 2026-03-16 2026-03-16 Textbook
    Colon Classification (CC)     Non-fiction Law Centre-II Library Law Centre-II Library General Stacks 2025-12-04 Global Informatics Solutions, Delhi 895.00 215/04.12.2025   Z2,4:(X:321) P1;R5 LT0029237 2026-03-16 2026-03-16 Textbook
    Colon Classification (CC)     Non-fiction Law Centre-II Library Law Centre-II Library General Stacks 2025-12-04 Global Informatics Solutions, Delhi 895.00 215/04.12.2025   Z2,4:(X:321) P1;R5 LT0029238 2026-03-16 2026-03-16 Textbook
    Colon Classification (CC)     Non-fiction Law Centre-II Library Law Centre-II Library General Stacks 2025-12-04 Global Informatics Solutions, Delhi 895.00 215/04.12.2025   Z2,4:(X:321) P1;R5 LT0029239 2026-03-16 2026-03-16 Textbook
Copyright @ Delhi University Library System